000 00521nam a2200217Ia 4500
008 160418s9999 xx 000 0 und d
020 _a971-8994-57-2
050 _aFIL M 1389
050 _b.M87M8
245 _aMusic of yesteryears :
245 _bpiano, voice, guitar /
260 _aManila :
260 _bSound Pub. Corp.,
300 _a444 pages :
300 _billustrations ;
300 _c30 cm.
650 _aGuitar.
650 _aMusic.
650 _xMusic -- Chords.
650 _xPiano music.
999 _c293353
_d293353